| 000 | 01215nam a2200193Ia 4500 | ||
|---|---|---|---|
| 999 |
_c49441 _d49441 |
||
| 001 | 16364 | ||
| 003 | GE_BSU | ||
| 005 | 20250919190601.0 | ||
| 008 | 181216s2000||||ge |||||||||||||| ||geo|| | ||
| 040 | _cGE_BSU | ||
| 041 | _ageo | ||
| 080 | _a347(479.22)(094.4) ს-32 | ||
| 245 |
_aსაქართველოს სამოქალაქო კოდექსის კომენტარი:5 წიგნად. წ. 5 საოჯახო სამართალი _bწიგნი მეხუთე:საოჯახო სამართალი.მემკვიდრეობის სამართალი.სამოქალაქო კოდექსის გარდამავალი და დასკვნითი დებულებანი. / _c [სარედ. კოლ.: ლადო ჭანტურია (მთ. რედ.) და სხვ.] |
||
| 264 |
_aთბილისი : _bსამართალი, _c2000. |
||
| 300 |
_a560 გვ; _b20 სმ. |
||
| 653 | _aსამართალი | ||
| 653 | _aსაქართველოს სამოქალაქო კოდექსის კომენტარი | ||
| 942 |
_cBK _2udc |
||